Plus grandes villes du monde par lettre - L - Statistiques

Statistiques générales
  • Ce quiz a été pris 462 fois
  • Le résultat moyen est 12 sur 18
Statistiques - réponses
Pays Population Ville % Correct
Égypte 24.440 Mio Le Caire
98%
Royaume-Uni 14.373 Mio Londres
98%
France 2.281 Mio Lyon
97%
Pérou 12.104 Mio Lima
96%
Portugal 2.813 Mio Lisbonne
96%
États-Unis 18.711 Mio Los Angeles
92%
Cuba 2.130 Mio La Havane
86%
Afrique du Sud 4.005 Mio Le Cap
81%
Nigéria 22.830 Mio Lagos
79%
Togo 2.593 Mio Lomé
66%
Angola 9.166 Mio Luanda
63%
États-Unis 2.313 Mio Las Vegas
59%
Royaume-Uni 2.300 Mio Leeds
53%
Pakistan 12.328 Mio Lahore
50%
Malawi 2.627 Mio Lilongwe
50%
Zambie 3.371 Mio Lusaka
50%
Inde 3.090 Mio Lucknow
13%
Chine 2.990 Mio Lanzhou
7%
Aucun quiz correspondant
Distribution des résultats
% des personnes avec chaque résultat
Percentile par nombre de réponses
Votre historique - résultats
Vous n’avez pas pris ce quiz